Полнометражные мультфильмы DreamWorks - Statistics

General Stats
  • This quiz has been taken 45 times
  • The average score is 19 of 54
Answer Stats
Год Answer % Correct
6 2001 "Шрек"
97%
15 2007 "Шрек Третий"
97%
21 2010 "Шрек Навсегда"
97%
9 2004 "Шрек 2"
97%
54 2026 "Шрек 5"
97%
24 2011 "Кот в сапогах"
66%
45 2022 "Кот в сапогах: Последнее желание"
66%
11 2005 "Мадагаскар"
59%
18 2008 "Мадагаскар 2"
59%
25 2012 "Мадагаскар 3"
59%
20 2010 "Как приручить дракона"
55%
30 2014 "Как приручить дракона 2"
55%
37 2019 "Как приручить дракона 3"
55%
17 2008 "Кунг-фу Панда"
48%
23 2011 "Кунг-фу Панда 2"
48%
33 2016 "Кунг-фу Панда 3"
48%
48 2024 "Кунг-фу Панда 4"
48%
31 2014 "Пингвины Мадагаскара"
41%
10 2004 "Подводная братва"
38%
22 2010 "Мегамозг"
34%
35 2017 "Босс-молокосос"
34%
42 2021 "Босс-молокосос 2"
34%
13 2006 "Лесная братва"
31%
19 2009 "Монстры против пришельцев"
31%
7 2002 "Спирит: Душа прерий"
28%
41 2021 "Спирит Непокорный"
28%
3 2000 "Дорога на Эльдорадо"
24%
14 2006 "Смывайся!"
24%
16 2007 "Би Муви: Медовый заговор"
24%
26 2012 "Хранители снов"
24%
1 1998 "Муравей Антц"
21%
2 1998 "Принц Египта"
21%
34 2016 "Тролли"
21%
39 2020 "Тролли: Мировой тур"
21%
47 2023 "Тролли 3"
21%
27 2013 "Семейка Крудс"
17%
32 2015 "Дом"
17%
38 2019 "Эверест"
17%
40 2020 "Семейка Крудс: Новоселье"
17%
50 2024 "Дикий робот"
17%
8 2003 "Синдбад: Легенда семи морей"
14%
28 2013 "Турбо"
14%
29 2014 "Приключения мистера Пибоди и Шермана"
14%
36 2017 "Капитан Подштанник: Первый эпический фильм"
14%
44 2022 "Плохие парни"
14%
52 2025 "Плохие парни 2"
14%
4 2000 "Побег из курятника"
10%
5 2000 "Царь сновидений"
10%
12 2005 "Уоллес и Громит: Проклятие кролика-оборотня"
10%
43 2021 "Охотники на троллей: Восстание титанов"
10%
46 2023 "Руби Гильман: Приключения кракена-подростка"
10%
49 2024 "Орион и Тьма"
10%
51 2025 "Догмен: Пушистая справедливость"
10%
53 2026 "Забытый остров"
7%
No matching quizzes found
Score Distribution
Percent of People with Each Score
Percentile by Number Answered
Your Score History
You have not taken this quiz